Európska únia - pozitívny, alebo negatívny výsledok globalizácie?

Zahraničnopolitické záležitosti a zahraničná politika Európskej únie. Národné záujmy a národná suverenita členských krajín EÚ. Globalizácia a ekonomické zmeny. Zosúladenie potrieb globálnej spoločnosti so suverenitou štátov. Proces ekonomickej integrácie.

Na minha lista:
Detalhes bibliográficos
Autor principal: Krištanová, Anna
Outros Autores: Slaninková, Jana
Formato: Capítulo de Livro
Idioma:eslovaco
Assuntos:
Tags: Adicionar Tag
Sem tags, seja o primeiro a adicionar uma tag!

MARC

LEADER 00000nla$a2200000$$$4500
001 0127731
005 20240502072444.5
041 0 |a slo 
044 |a SK 
245 1 0 |a Európska únia - pozitívny, alebo negatívny výsledok globalizácie?  |c Anna Krištanová, Jana Slaninková 
520 |a Zahraničnopolitické záležitosti a zahraničná politika Európskej únie. Národné záujmy a národná suverenita členských krajín EÚ. Globalizácia a ekonomické zmeny. Zosúladenie potrieb globálnej spoločnosti so suverenitou štátov. Proces ekonomickej integrácie. 
610 2 0 |a Európska únia 
610 2 0 |a Európska komisia 
610 2 0 |a Európsky ekonomický priestor 
610 2 0 |a politika kohézna 
610 2 0 |a trh spoločný 
610 2 0 |a globalizácia 
610 2 0 |a integrácia ekonomická medzinárodná 
610 2 0 |a spolupráca medzinárodná 
100 1 |a Krištanová, Anna 
700 1 |a Slaninková, Jana